000 00647nam a2200193 4500
001 114600
003 DR-UNIBE
005 20260427095042.0
008 260423b |||||||| |||| 00| 0 spa d
040 _aBIBLIOTECA UNIBE
_cBIBLIOTECA UNIBE
_bspa
041 _aspa
082 _aF 5818
100 _aRoberto Barragán Fernández
_9204358
245 1 3 _aEl indicio grave en materia criminal /
_cRoberto Barragán Fernández
260 _a[Lugar de publicación no identificado] :
_b[Editor no identificado],
_c1947
300 _aPaginación varias
650 _aDerecho penal
942 _2ddc
_cMX
999 _c114600
_d114600